[Event "Tata Steel-A 82nd"]
[Site "Wijk aan Zee"]
[Date "2020.01.11"]
[Round "1"]
[White "Firouzja, Alireza"]
[Black "Kovalev, Vladislav"]
[Result "1-0"]
[WhiteElo "2723"]
[BlackElo "2660"]
[Annotator "Firouzja,A"]
[PlyCount "71"]
[EventDate "2020.01.11"]
[EventType "tourn"]
[EventRounds "13"]
[EventCountry "NED"]
[EventCategory "20"]
[SourceTitle "CBM 194"]
[Source "ChessBase"]
[SourceDate "2020.01.27"]
[SourceVersion "1"]
[SourceVersionDate "2020.01.27"]
[SourceQuality "1"]

{[%evp 0,71,28,28,9,25,20,15,29,-2,6,4,13,-16,-11,15,12,-18,-10,-11,-18,-10,-9,
-23,38,21,22,-7,8,9,17,-15,11,-18,62,75,108,100,83,78,108,108,127,136,136,144,
160,158,156,180,182,180,183,179,194,187,197,216,209,195,204,204,368,489,452,
298,724,783,817,859,991,1189,1189,1247]} 1. e4 {This was a very important game
to me because it was the first round, and I wanted to start with a good mood.}
e5 2. Nf3 Nc6 3. Bb5 a6 4. Ba4 Nf6 5. O-O Be7 6. Re1 b5 7. Bb3 d6 8. c3 O-O 9.
h3 {Of course until here it's a normal Ruy Lopez.} Bb7 $5 {My opponent
surprised me with this move. Previously he was playing 9...Na5 which is the
so-called Chigorin Defence. But I was not worried about this surprise because
I had enough experience against this line before.} 10. d4 Re8 11. Nbd2 Bf8 12.
a4 $1 {This move, in return, came as a surprise to my opponent because I had
mostly used the a3 system. But I had played this a4 move once before, and I
have a feelling he missed that game in his preparation.} (12. a3 {- the main
move these days!}) 12... h6 $1 13. Bc2 exd4 14. cxd4 Nb4 15. Bb1 c5 16. d5 {
There are a lot of games with this position in the database, the most famous
ones being those from the Kasparov-Karpov match!} c4 $6 {Again it was not
surprise to me that he forgot the move orders because it's a very old line and
almost out of fashion!} (16... Nd7 {is of course the main move and leads to a
very interesting game. I have the privilege of actually having played this on
the black side against non other than Alexei Shirov, who was expert of this
line in the 90s!} 17. Ra3 f5 18. g4 fxg4 19. hxg4 c4 20. Nf1 Nc5 21. g5 Nbd3 {
Shirov-Firouzja 2017 ended in a draw!}) 17. Nd4 {Now my knight has a very nice
outpost on d4!} Nd7 {Black tries to sacrifice a pawn in order to pressure
White on the light squares with ...Nc5/...Nd3, but it's not enough.} (17... Qb6
{Normal play, the queen on b6 is misplaced:} 18. N2f3 $1 {followed by Be3 and
White has an excellent position.}) 18. axb5 axb5 19. Rxa8 Bxa8 20. Nxb5 {
Now I have not only won the b5-pawn, but the c4-pawn is also weak. This is
just a winning position for White.} Qb8 21. Na3 Nd3 22. Re3 $1 {The move that
my opponent probably missed.} (22. Bxd3 cxd3 23. Ndc4 f5 {Now we can see why I
need the light-squared bishop.}) 22... Nxc1 (22... Nxb2 23. Qc2 Nd3 24. Naxc4
Nxc1 25. e5 $1 g6 26. e6 $18) 23. Qxc1 g6 24. Naxc4 $18 {A second pawn is
taken, and the rest is an automatic win.} Bg7 25. Ra3 $1 Qc7 26. b4 Bb7 27. Bd3
$1 {Bringing all the pieces in to the game.} Rb8 28. Qd1 $1 {A very nice plan,
the idea is Qa4-Qa5!} Bc8 29. Qa4 Ne5 {Now I calculated a forced line:} 30.
Nxe5 Qc1+ 31. Bf1 $1 Bxe5 32. Nc4 Bd4 33. Qe8+ Kg7 34. Rf3 $1 {A very nice
move, both attacking and defending the f2 pawn!} f6 35. Qe7+ Kg8 36. Qd8+ {
followed by Qc7+ and queen takes rook. A surprisingly easy game. He just made
a one single mistake playing 16....c4, and that mistake was enough for me to
take the point and get off to a very good start!} 1-0

[Event "Tata Steel-A 82nd"]
[Site "Wijk aan Zee"]
[Date "2020.01.12"]
[Round "2"]
[White "So, Wesley"]
[Black "Anand, Viswanathan"]
[Result "1-0"]
[WhiteElo "2765"]
[BlackElo "2758"]
[Annotator "So,Wesley"]
[PlyCount "51"]
[EventDate "2020.01.11"]
[EventType "tourn"]
[EventRounds "13"]
[EventCountry "NED"]
[EventCategory "20"]
[SourceTitle "CBM 194"]
[Source "ChessBase"]
[SourceDate "2020.01.27"]
[SourceVersion "1"]
[SourceVersionDate "2020.01.27"]
[SourceQuality "1"]

{This game was played in Round 2. I drew my first game with Black against
Fabiano and then here I was playing the legendary Viswanathan Anand, one of my
biggest heroes in chess. A true living legend, he is one of the most talented
chess players of all time. Before our game I spent some time studying his best
games and they are truly aesthetically pleasing to analyse. The fact that this
man is still one of the best players in the world at the age of fifty is
incredible.} 1. e4 {In India Vishy played the Sicilian against me in blitz,
and won handily. However in classical games he mostly plays 1...e5. He has
tons of experience with 1.e4 e5 with both White and Black.} e5 2. Nf3 Nc6 {
Here I was not sure which line exactly Vishy planned to play against the Ruy
Lopez with 3.Bb5. He usually prepares something new and very solid for Black
in his repertoire. To get an advantage against him and his preparation is
almost impossible...he prepares very deeply. So I decided to play 3.Bc4, the
Giuco Piano.} 3. Bc4 Bc5 4. c3 Nf6 5. d3 {With this move-order White gets the
option to delay castling and develop his other pieces first. If Black castles
short, then White gets extra options. For example the pin with Bg5 becomes
more annoying.} d6 ({If Black castles right away} 5... O-O {then 6.Bg5 or 6.
Nbd2 are very serious moves.}) 6. Nbd2 O-O {Of course there is nothing wrong
with this move, but I thought that possibly more precise was 6...a6 or 6...a5.
Black did not have to castle right away but could delay it for the time being.}
7. h3 {Controlling the g4-square, but also in some cases White can actually
attack on the kingside with g4.} a6 {Threatening to win the bishop pair with
Na5. In my preparations I noticed that Vishy has gone for the ...a6 setup more
often recently. So I thought he would play it here. He probably was thinking
that I would castle sooner or later and transpose to normal paths, but for
this game I wanted to try something different.} ({The other main alternative is
} 7... a5 {when after} 8. O-O {there have been played many games and lots of
theory.}) ({Black does not necessarily have to move his a-pawn. Another good
alternative is} 7... Ne7 {a very solid move, regrouping the knight to a better
square on g6. Black wants to play c6 and d5 in the future. This variation is
super solid also.}) 8. Bb3 {Keeping the bishop pair.} (8. a4 {is another good
way to keep the bishop, when Black can play ...a5.} a5 9. g4) 8... Be6 {
Now that White lost a tempo moving his bishop, Black offers a trade. He has
many alternatives here and the position is very flexible. Black is very solid
of course, and as typical in Giuco Piano structures, the position is very
close to equal.} 9. Bc2 ({In my view Black is completely fine after} 9. Bxe6
fxe6 10. b4 Ba7 11. O-O Qe8 {just because White has lost a tempo moving the
light-squared bishop to b3.}) 9... d5 (9... h6 {prevents Ng5, but it gives
White a hook to target on the kingside. So White can play} 10. g4 {right away,
or prepare it first with 10.Qe2.}) 10. Ng5 {[%cal Gg5e6,Gg5e4,Gg5h7] This was
the idea of the variation. White threatens to grab the bishop on e6 and win
the bishop pair. If Black retreats his e6-bishop then this knight can aim to
go to e4 instead (after exd5).} dxe4 (10... Nxe4 11. Ndxe4 dxe4 12. Qh5 h6 13.
Nxe4 Be7 14. g4 $14) ({Retreating the bishop was possible when I was going to
take} 10... Bc8 11. exd5 Qxd5 12. O-O {with a small advantage.}) 11. Nxe6 fxe6
12. dxe4 {Still following my preparation. Here I knew that 12...Qe8 was enough
to equalize, but Vishy thought for a really long time and went for it.} Bxf2+
$5 {Objectively a very good sacrifice, but perhaps not practically! Black
makes a draw here, but the problem is he has to be very precise and exact! So
it's a high risk, high reward move.} (12... Qe8 {is the solid alternative.
After} 13. O-O (13. Qe2) 13... Rd8 {White does not have time to regroup and
consolidate his forces. Black is very active and Nh5 is coming next move.}) ({
After the game Vishy mentioned} 12... Nd5 {but here White can simply play 13.
Nf3, with a better ending.} 13. Nf3 Nf4 14. Qxd8 Raxd8 15. Bxf4 Rxf4 16. O-O
$14) 13. Kxf2 {The next few moves are forced.} Ng4+ 14. Kg1 Ne3 {Black wins
the piece back, but his knight ends up trapped on c2.} 15. Qe2 Nxc2 16. Rb1
N6d4 $1 {Very precise. Black cannot afford to give White time to consolidate
his position.} 17. cxd4 Qxd4+ ({Not} 17... Nxd4 18. Qe1 Qg5 19. Kh2 {when the
White Queen will come to g3 next, and defend against all the threats.}) 18. Kh2
Rf2 19. Qg4 {This is the only move.} Ne3 20. Qxe6+ {Besides forcing Black to
spend a tempo to defend against the check, I manage to pick up a pawn or two.}
Kh8 21. Rg1 {Defending the crucial g2 spot. Now White wants to get rid of the
knight on e3. He can do this by playing Nf3 or Nb3 next, attacking the Black
Queen and allowing his bishop to capture the annoying knight next.} Qd3 $1 {
This immobilizes White's forces right now. Black is also threatening Qe2.} 22.
Qxe5 {Not only grabbing a pawn, but also the Queen is on the way to g3, where
it will defend crucial squares. Here Vishy has played perfectly so far, and he
has a way to make a draw. Your computer will probably show the drawing line in
seconds, but over the board it's not so simple to see. The problem is Black
does not even have a pawn for the piece, and one mistake immedaitely loses the
game.} Raf8 $2 {The losing mistake. This looks very natural, but after this
White manages to consolidate and defend his king.} ({Black can force a draw by
} 22... Nxg2 $1 {the variation is not that simple though; Black still has to
be very precise.} 23. Kh1 (23. Rxg2 Rxg2+ 24. Kxg2 Qe2+ {leads to a perpetual
right away.} 25. Kg1 (25. Kg3 Qe1+) 25... Qe3+ $11) 23... Raf8 $1 (23... Qxh3+
24. Qh2 Qg4 25. b4 {[%cal Gb1b3] followed by Rb3 next move. White is better.})
24. Qc3 Qe2 25. Qg3 {And now Black has to find the only move} R8f7 $1 {
protecting the vital g7 pawn. Black draws in all lines, as your computer can
show you.} 26. Rxg2 (26. Qg4 Ne3) 26... Rxg2 27. Qxg2 Rf2 $11) 23. Qg3 {
[%csl Gf2,Gg1,Gg2,Gh2][%cal Gg3g7] The queen is the best defender for the king.
From g3 it controls so many squares. The game is lost for Black, just with one
mistake.} Qe2 24. b4 {Vishy missed this move. Now White activates the rest of
his queenside and it turns out that Black's threats are not lethal.} Rxg2+ (
24... Nxg2 {is simply met by} 25. Kh1 {[%cal Gg1g7] when the knight cannot
move as it would open up the g-file. Black has no attack.}) 25. Rxg2 Nxg2 {
Here White has a couple of winning moves. My choice was actually not the most
precise.} 26. Qg4 {But here Vishy resigned, although he could have played a
few more moves.} ({Stronger was} 26. Bb2 Nf4+ 27. Kh1 {[%csl Gg7] when it
turns out the counter attack on Black's king is impossible to face.} Nh5 28.
Qg2 Rf2 29. Rf1 {[%cal Gf1f8] and White wins.}) ({After} 26. Qg4 {White forces
the exchange of queens, and Black has to play} Nf4+ 27. Qxe2 Nxe2 {Now White
cannot allow Rf2+, and he has to shed a pawn} 28. Kg2 Nf4+ 29. Kf3 Nxh3+ 30.
Ke3 Nf2 31. Bb2 {this ending should be easily winning, but at least Black has
two pawns for the piece.  With this win I started the long Tata Steel Chess
journey most pleasantly. Wijk Aan Zee is one of my favorite places to play but
truthfully it is an exceptionally long tournament in the dead of Dutch winter
in a remote though lovely village on the North Sea. You need some good
encouragement early on to keep your focus all the way through. Also, this was
also only my 2nd win against Anand in classical chess and it made me feel like
I am improving!}) 1-0

[Event "Tata Steel-A 82nd"]
[Site "Wijk aan Zee"]
[Date "2020.01.13"]
[Round "3"]
[White "Firouzja, Alireza"]
[Black "Artemiev, Vladislav"]
[Result "1-0"]
[WhiteElo "2723"]
[BlackElo "2731"]
[Annotator "Firouzja,A"]
[PlyCount "113"]
[EventDate "2020.01.11"]
[EventType "tourn"]
[EventRounds "13"]
[EventCountry "NED"]
[EventCategory "20"]
[SourceTitle "CBM 194"]
[Source "ChessBase"]
[SourceDate "2020.01.27"]
[SourceVersion "1"]
[SourceVersionDate "2020.01.27"]
[SourceQuality "1"]

1. e4 {This encounter was very important to me, because I had already lost two
times in classical chess against Vladislav. So at least this time I wanted to
get a fighting game. Diese Begegnung war besonders wichtig für mich, da ich
im klassischen Schach schon zweimal gegen Vladislav verloren hatte. Deshalb
wollte ich diesmal zumindest eine Kampfpartie.} c6 2. d4 d5 3. e5 Bf5 4. h4 $5
{A most interesting continuation. The Caro-Kann is known to be a rock-solid
choice for Black against 1.e4, but after 4.h4!? it leads to an ultra-sharp
game! Eine hochinteressante Fortsetzung. Caro-Kann gilt ja als stocksolide
Wahl für Schwarz gegen 1.e4, aber 4.h4!? macht die Sache ultrascharf!} h5 5.
c4 e6 6. Nc3 Ne7 7. Nge2 Nd7 8. Ng3 Bg6 9. Bg5 Qb6 10. Rc1 {Until here it's
all well known theory. But now my opponent was out of the book, and he thought
for a while and came up with something I was not expecting. Bis hierher ist
alles bekannte Theorie. Nun aber war mein Gegner aus dem Buch, und er dachte
eine Weile nach und kam mit etwas, was ich nicht erwartet hatte.} dxc4 $6 (
10... Qxb2 $1 {is main theory: ist Haupttheorie:} 11. Bd3 Bxd3 12. Qxd3 dxc4
13. Qxc4 Nb6 14. Qd3 Ned5 15. O-O {This is what I was expecting, and I think
White has enough compensation for the pawn thanks to the very strong bishop on
g5 and the knight on g3 which is putting pressure on the pawn on h5. Dies
hatte ich erwartet, und ich meine, Weiß hat genug Kompensation für den
Bauern dank des bärenstarken Läufers auf g5 und des Springers auf g3, der
gegen den Bauern auf h5 drückt.}) 11. Bxc4 {Now all of my pieces are active.
Jetzt sind alle meine Figuren aktiv.} Nf5 12. O-O $1 {A very interesting move.
Ein sehr interessanter Zug.} Be7 {Solid, but now I found another nice plan to
continue my attack. Solide, aber jetzt fand ich einen anderen schönen Plan,
meinen Angriff fortzusetzen.} (12... Qxd4 {runs into läuft in} 13. Nb5 $3 {
A nice little tactic which I found during the game. Ein feiner kleiner Trick,
den ich während der Partie entdeckte.} cxb5 (13... Qb6 14. Nxf5 Bxf5 15. Nd6+
Bxd6 16. Bxe6 $3 (16. Qxd6 $2 Qc5 $1 $11) 16... fxe6 17. Qxd6 {[%cal Gb6c5,
Gc1c5]} Kf7 18. Qxd7+ Kg8 19. Rcd1 $18) 14. Bxb5 a6 15. Qxd4 Nxd4 16. Bxd7+
Kxd7 17. Rfd1 {with a clear advantage to White. mt klarem Vorteil für Weiß.})
13. Nxf5 Bxf5 14. Bxe7 Kxe7 15. Qd2 $1 {[%cal Gd2g5] My threat is not only
Qg5+ but... Meine Drohung ist nicht nur Dg5+, sondern auch...} Qd8 16. Nd1 $1 {
Now my plan is very direct: Ne3 followed by f4-f5, when the pawn on f7 is
seriously weak. Danach ist mein Plan sehr direkt: Se3 nebst f4-f5, wonach der
Bauer auf f7 ernsthaft schwach ist.} Nb6 17. Ne3 Kf8 $6 {I don't like this
move because now I can easily open up the game with the e6! break. Dieser Zug
missfällt mir, da ich jetzt das Spiel mit dem Hebel e6! leicht öffnen kann.}
(17... g6 {was what I was worried about, but I think White still has a very
nice position following war das, was mir Sorgen machte, aber ich denke, Weiß
hat trotzdem eine sehr schöne Stellung nach} 18. Nxf5+ gxf5 19. Be2 $1 $16 {
Now the plan is to play Bf3 followed by b3 and a4-a5-a6 and put pressure on
both the c6 and h5 pawn. I think White is just clearly better here. Jetzt
lautet der Plan Lf3 nebst b3 und a4-a5-a6, um Druck sowohl gegen den Bauern c6
als auch den auf h5 zu entfalten. In meinen Augen steht Weiß hier einfach
klar besser.}) 18. Nxf5 exf5 19. Bb3 $1 {Keeping the bishop at any cost.
Bewahrt um jeden Preis den Läufer.} Qxh4 20. Rfe1 $1 {Again preparing for the
e6 break. Bereitet noch einmal den e6-Hebel vor.} (20. e6 fxe6 21. Bxe6 Rd8)
20... Rh6 {A nice way to prevent the white rook from getting active. Eine
schöne Methode, um die Aktivierung des weißen Turms zu verhindern.} (20...
Rd8 21. e6 $1 {Now this is a killer because after Jetzt ist dies ein Killer,
denn nach} fxe6 22. Rxe6 {, with the active rook on e6 and the support of the
bishop on b3, there is no way Black could hold this. , mit dem aktiven Turm
auf e6 und der Unterstützung des Läufers auf b3, kann Schwarz diese Stellung
niemals halten.} Qxd4 23. Qg5 $18) 21. e6 fxe6 22. Bxe6 Re8 23. Bxf5 $16 {
I have regained the pawn, so now White is very close to a winning position.
Ich habe den Bauern zurückerobert, damit ist Weiß sehr nahe an einer
Gewinnstellung.} Rxe1+ 24. Rxe1 Qd8 $2 {A quite understandable move from my
opponent, but he had to bring his knight in to the defence! Ein durchaus
verständlicher Zug meines Gegners, aber er musste seinen Springer in die
Verteidigung einschalten!} (24... Nc4 $1 25. Qb4+ Nd6 26. Be6 Qd8 $16 {Still a
pretty bad position for Black, but at least he has more pieces around his king.
Noch immer eine ziemlich üble Stellung für Schwarz, aber zumindest hat er
mehr Figuren um seinen König herum.}) 25. Qd3 $1 {Threatening the deadly Bg6.
Droht das tödliche Lg6.} Kf7 26. Qf3 Qf6 (26... Kg8 27. Be6+ Kh8 28. Bf7 $18)
27. Qb3+ $1 {Now we can see why Black needed his knight to be around his king.
Jetzt können wir sehen, weshalb Schwarz den Springer in der Nähe seines
Königs brauchte.} Kf8 28. Qa3+ $1 Qd6 29. Qe3 Qd8 30. Qe4 {Again threatening
Bg6! Droht erneut Lg6!} Rf6 31. Bg6 Kg8 32. Qh4 $3 {What a nice move: the rook
on f6 is pinned, and White threatens both Qxh5 and Re8+. Ein wahrer Prachtzug:
Der Turm auf f6 ist gefesselt, und Weiß droht sowohl Dxh5 als auch Te8+.} Qd5
33. Re8+ Rf8 34. Qe7 Nd7 35. Bc2 $3 {Another brillant move that I was proud of.
The bishop returns, and Bb3 is just crushing. Noch ein brillanter Zug, auf den
ich stolz war. Der Läufer kehrt zurück, und Lb3 ist einfach vernichtend.}
Qxd4 36. Rxf8+ $2 {Still winning but I had a nicer finish: Gewinnt immer noch,
aber ich hatte ein schöneres Finale:} (36. Qe6+ $1 Kh8 37. Qf5 $1 $18 {
threatening both Qh7++ and Rxf8+ and, more important, defending the f2 pawn!
droht sowohl Dh7++ als auch Txf8+ und, noch wichtiger, deckt den Bauern f2!})
36... Nxf8 37. Bb3+ Kh7 38. Qxf8 Qxb2 39. Bg8+ Kh6 40. Qf4+ g5 41. Qd6+ Kg7 42.
Bb3 $18 {Still this is just an absolutely hopeless position for Black. So oder
so, dies ist einfach eine absolut hoffnunglose Stellung für Schwarz.} Qa1+ 43.
Kh2 Qf6 44. Qxf6+ Kxf6 45. Kg3 {And the rest is just an easy win. Und der Rest
ist einfach ein leichter Gewinn.} b5 46. Bd1 h4+ 47. Kg4 c5 48. f4 gxf4 49.
Kxf4 Ke6 50. Kg4 a5 51. Kxh4 a4 52. g4 c4 53. g5 a3 54. Be2 Kf5 55. Kh5 Ke4 56.
g6 c3 57. Bd1 {I was very proud of this game! Ich war sehr stolz auf diese
Partie!} 1-0